000 00427pab a2200181 454500
008 180718b2011 xxu||||| |||| 00| 0 eng d
100 _aSingh, Jyotsna
245 _aMaruti workers speak about their strike
260 _c2011
300 _ap.12-13.
362 _a13 Aug
650 _aWorkers
650 _aStrike
700 _aSawhney, Nakul
773 _aEconomic and Political Weekly
908 _aN
909 _a92680
999 _c92680
_d92680